| 000 | 015530000a22002050004500 | ||
|---|---|---|---|
| 020 | _a84-7228-701-7 | ||
| 041 | 0 | _aSPA | |
| 082 | 0 | 4 | _aG 173 I78e |
| 100 | 1 | _aIserte Badenas, Salvador (1907-) | |
| 245 | 1 | 0 | _aLa entidad amorosa : Busca la belleza escondida en el alma que amas / Salvador Iserte |
| 260 | _aTerrassa, Barcelona, España : CLIE | ||
| 300 | _a246 Pag. | ||
| 505 | 0 | 0 | _a¿Cómo evitar los matrimonios desgraciados? -- la entidad amorosa -- atención novios (¿puede terminar vuestro noviazgo en una unión imposible?) -- ¿cuál es la unión imposible? -- conflictos sexuales que impiden el matrimonio -- parejas desparejadas -- como evitar los matrimonios desgraciados -- los celos en el noviazgo -- medidas de prevención -- noviazgos prematuros -- antes de que te cases mira lo que haces -- el matrimonio de éxito no se hace el día de la boda, sino durante el noviazgo -- plenitud del amor conyugal -- la fórmula para lograr un matrimonio feliz -- filosofía de la sexualidad -- hacia una teología de la sexualidad -- ética de la sexualidad -- los noventa diamantes del amor verdadero -- funestas consecuencias en la vida de los novios por no tener un ideal para su vida -- los novios modernos oran -- como preparar el camino para crear la entidad amorosa de la pareja -- la meta de la carrera: íla boda! |
| 650 | 1 | 4 | _aCONSEJERIA MATRIMONIAL \ SEXO EN EL MATRIMONIO \ FAMILIA |
| 001 | 1242 | ||
| 942 | _cBK | ||
| 999 |
_c32565 _d32565 |
||
| 336 |
_atexto _btxt _2rdacontent |
||
| 337 |
_2rdamedia _asin mediación _bn |
||
| 338 |
_2rdacarrier _avolumen _bnc |
||